000 00579nam a22001697a 4500
005 20100925151741.0
008 100925t xxu||||| |||| 00| 0 eng d
020 _a8172231393
_c30.00
035 _aA-726532
082 _aS
100 _aChakraborty, Saibal
_921697
245 _aBoats with wings and other stories /
_cby Saibal Chakraborty
260 _aNew Delhi
_bHarperCollins Publishers
_c1994
300 _a101p.
_bill.
_c18cm (pbk)
942 _2ddc
_cCH
_hS
_mCHA
999 _c47776
_d47776